| 000 | 01706nam0a22003611 4500 | ||
|---|---|---|---|
| 001 | rc\1073764 | ||
| 005 | 20260406114723.0 | ||
| 035 | _a(NLR Aleph) 006233445 | ||
| 090 |
_a6596524 _c6596524 |
||
| 100 | _a20041129d1980 |||y0rusy50 ca | ||
| 101 | 0 | _arus | |
| 102 | _aRU | ||
| 105 | _aa ||||||||| | ||
| 200 | 1 |
_aВ огне и холоде тревог... _eИзбранное _fАлександр Блок _gСост., [авт. предисл., с. 3-28, и коммент.] В. Орлов |
|
| 210 |
_aМ. _cДет. лит. _d1980 |
||
| 215 |
_a431 с., 16 л. ил. _d20 |
||
| 225 | 1 |
_aШкольная библиотека _iДля средней школы |
|
| 320 | _aУказ. имен и назв.: с. 409-418 | ||
| 327 | 1 | _aСодерж.: Стихи; Поэмы: Соловьиный сад; Двенадцать; Скифы; Драматические произведения: Балаганчик; Роза и крест; Думы и размышления | |
| 464 | 0 |
_12001#$aСтихи _tСтихи |
|
| 464 | 0 |
_12001#$aСоловьиный сад _tСоловьиный сад |
|
| 464 | 0 |
_12001#$aДвенадцать _tДвенадцать |
|
| 464 | 0 |
_12001#$aСкифы _tСкифы |
|
| 464 | 0 |
_12001#$aБалаганчик _tБалаганчик |
|
| 464 | 0 |
_12001#$aРоза и крест _tРоза и крест |
|
| 464 | 0 |
_12001#$aДумы и размышления _tДумы и размышления |
|
| 700 | 1 |
_7ca _8rus _aБлок _bА. А. _f1880-1921 _gАлександр Александрович _9110366 _3RU\NLR\AUTH\77311 |
|
| 801 | 0 |
_aRU _bNLR _gpsbo |
|
| 801 | 1 |
_aRU _bELAR _2rusmarc |
|
| 852 |
_aNLR _j81-3/2809 |
||
| 942 | _cBOOK | ||
| 980 | _aNB | ||